| 000 | 01311nam a22003497a 4500 | ||
|---|---|---|---|
| 001 | 1669174 | ||
| 003 | OSt | ||
| 005 | 20210422051048.0 | ||
| 008 | 980224s1998 caua b 001 0 eng | ||
| 010 | _a 98009004 | ||
| 020 | _a0761909338 (acidfree paper) | ||
| 020 | _a0761909346 (pbk. : acidfree paper) | ||
| 040 |
_aeng _cDLC _deng _beng |
||
| 041 | _aeng | ||
| 050 | 0 | 0 |
_aHD58.8 _b.N494 1998 |
| 080 |
_a005 _bN-53 |
||
| 082 | 0 | 0 |
_a658.4/06 _221 |
| 100 | 1 | _aNewman, Karen L. | |
| 245 | 1 | 0 |
_aManaging radical organizational change / _cKaren L. Newman, Stanley D. Nollen. _b/ by: Sage Publications |
| 260 |
_aThousand Oaks, Calif. : _bSage Publications, _cc1998. |
||
| 300 |
_axiv, 378 p. : _bill. ; _c24 cm. |
||
| 504 | _aIncludes bibliographical references )p. 355-361) and indexes. | ||
| 650 | 0 | _aOrganizational change. | |
| 650 | 0 |
_aManagement _9324 |
|
| 653 | _aმართვა | ||
| 700 | 1 | _aNollen, Stanley D. | |
| 856 | 7 |
_3Table of contents only _uhttp://lcweb.loc.gov/catdir/toc/98-9004.html _2http |
|
| 856 | 4 | 2 |
_3Publisher description _uhttp://www.loc.gov/catdir/enhancements/fy0656/98009004-d.html |
| 906 |
_a7 _bcbc _corignew _d1 _eocip _f19 _gy-gencatlg |
||
| 942 |
_2udc _cBK |
||
| 999 |
_c749 _d749 |
||